[Event "Superettan(Rockaden,Umea-Schack 08)"]
[Site "?"]
[Date "2016.01.15"]
[Round "5"]
[White "Ingbrant, Johan"]
[Black "Forsberg, Viktor"]
[Result "1-0"]
[WhiteElo "2369"]
[BlackElo "2370"]
[PlyCount "85"]
[EventDate "2016.??.??"]
1. Nf3 Nf6 2. g3 g6 3. Bg2 Bg7 4. c4 O-O 5. O-O d6 6. d4 c6 7. Nc3 Qa5 8. e4 e5
9. h3 Nbd7 10. Qc2 b5 11. c5 dxc5 12. dxe5 Ne8 13. e6 fxe6 14. e5 Nc7 15. Ne4
c4 16. Bd2 Qb6 17. Be3 c5 18. b4 Nd5 19. Bxc5 Nxc5 20. bxc5 Qa6 21. a3 Bd7 22.
h4 Qc8 23. h5 Rf5 24. hxg6 hxg6 25. Rae1 Ne7 26. Qd2 Bc6 27. Nd6 Qa6 28. Nxf5
Nxf5 29. g4 Qb7 30. Qe2 Ne7 31. Nh4 g5 32. Bxc6 Qxc6 33. Nf3 Rf8 34. Nxg5 Bh6
35. Ne4 Nd5 36. g5 Bg7 37. Nf6+ Bxf6 38. gxf6 Rf7 39. Qg4+ Kh8 40. f3 Qxc5+ 41.
Kg2 Rh7 42. Rh1 Qc7 43. Qg5 1-0

[Event "Superettan(Rockaden,Umea-Schack 08)"]
[Site "?"]
[Date "2016.01.15"]
[Round "5"]
[White "Malmstig, Erik"]
[Black "Schutz, Ingemar"]
[Result "0-1"]
[WhiteElo "2278"]
[BlackElo "2213"]
[PlyCount "72"]
[EventDate "2016.??.??"]
1. Nf3 Nf6 2. g3 g6 3. Bg2 Bg7 4. c4 O-O 5. O-O d6 6. Nc3 Nc6 7. d4 a6 8. h3 e5
9. d5 Ne7 10. Bg5 h6 11. Bd2 b5 12. b3 Rb8 13. Ne1 bxc4 14. bxc4 Nh5 15. e4 Qe8
16. Rb1 Rxb1 17. Qxb1 f5 18. exf5 gxf5 19. Qb8 Qd8 20. Ne2 Qd7 21. Ba5 c6 22.
Bc7 cxd5 23. cxd5 e4 24. f3 Nxd5 25. Bxd6 Re8 26. fxe4 fxe4 27. g4 Bb7 28. Qa7
Qxd6 29. Qxb7 Nhf4 30. Nxf4 Nxf4 31. Kh1 e3 32. Qc6 Qxc6 33. Bxc6 Rf8 34. Ng2
e2 35. Rc1 Nxg2 36. Kxg2 Bc3 0-1

[Event "Superettan(Rockaden,Umea-Schack 08)"]
[Site "?"]
[Date "2016.01.15"]
[Round "5"]
[White "Ottenklev, Niclas"]
[Black "Eriksson, Jorgen"]
[Result "0-1"]
[WhiteElo "2204"]
[BlackElo "2206"]
[PlyCount "124"]
[EventDate "2016.??.??"]
1. e4 c5 2. Nf3 g6 3. g3 Bg7 4. Bg2 Nc6 5. O-O d6 6. c3 Nf6 7. Re1 O-O 8. h3 d5
9. e5 Ne8 10. d4 cxd4 11. cxd4 Nc7 12. Nc3 f6 13. exf6 exf6 14. Bf4 Ne6 15. Be3
Ne7 16. Qb3 Qd6 17. Rad1 Bd7 18. Nh2 Bc6 19. Ne2 Rfe8 20. Nf4 Nxf4 21. Bxf4 Qd7
22. Qb4 Nf5 23. Nf3 Bf8 24. Qd2 Nd6 25. Bxd6 Bxd6 26. Rxe8+ Rxe8 27. Re1 Re7
28. Rxe7 Qxe7 29. a3 Kg7 30. Ne1 Qe6 31. Nc2 f5 32. f4 g5 33. fxg5 Bxg3 34. Qe3
Qxe3+ 35. Nxe3 Kg6 36. Nxd5 Kxg5 37. Ne7 Bxg2 38. Kxg2 Bf4 39. b3 Be3 40. h4+
Kg4 41. d5 Kf4 42. d6 Ke5 43. d7 Bb6 44. Nc8 Bd8 45. Nxa7 Bxh4 46. Nb5 Be7 47.
Kf3 Ke6 48. Kf4 Kxd7 49. Kxf5 Kc6 50. Nd4+ Kd5 51. Nc2 h5 52. Kf4 Bd6+ 53. Kf3
Bc5 54. Kf4 h4 55. Kg4 Ke4 56. b4 Be7 57. a4 Kd3 58. a5 Kc4 59. Ne3+ Kb5 60.
Kh3 Bxb4 61. Kxh4 Bxa5 62. Kg4 Bd2 0-1

[Event "Superettan(Rockaden,Umea-Schack 08)"]
[Site "?"]
[Date "2016.01.15"]
[Round "5"]
[White "Lindgren, Fredrik"]
[Black "Drugge, Patrick"]
[Result "1/2-1/2"]
[WhiteElo "2242"]
[BlackElo "2188"]
[PlyCount "75"]
[EventDate "2016.??.??"]
1. d4 d5 2. Nf3 c6 3. g3 e6 4. Bg2 f5 5. Bf4 Nf6 6. Nbd2 Be7 7. c3 O-O 8. Qc2
Ne4 9. Nxe4 fxe4 10. Ne5 Nd7 11. f3 Nxe5 12. Bxe5 exf3 13. exf3 Bd6 14. O-O
Bxe5 15. dxe5 Bd7 16. f4 g5 17. Qd2 gxf4 18. Rxf4 Qe7 19. Raf1 Rxf4 20. Rxf4
Rf8 21. h4 Rxf4 22. Qxf4 c5 23. h5 b5 24. b4 cxb4 25. cxb4 Bc6 26. Kh2 Kh8 27.
a3 Be8 28. g4 Qh4+ 29. Bh3 Kg7 30. Qe3 Qe7 31. h6+ Kg6 32. Qf4 Qg5 33. Qf8 Qd2+
34. Kg1 Qe1+ 35. Kg2 Qe2+ 36. Kg1 Qe1+ 37. Kg2 Qe2+ 38. Kg1 1/2-1/2

[Event "Superettan(Rockaden,Umea-Schack 08)"]
[Site "?"]
[Date "2016.01.15"]
[Round "5"]
[White "Sternlund, Hakan"]
[Black "Johansson, David"]
[Result "0-1"]
[WhiteElo "2128"]
[BlackElo "2144"]
[PlyCount "100"]
[EventDate "2016.??.??"]
1. c4 e6 2. Nc3 c5 3. e4 Nc6 4. g3 g6 5. Bg2 Bg7 6. Nge2 Nge7 7. O-O a6 8. d3
Rb8 9. a4 O-O 10. Bf4 e5 11. Bd2 d6 12. Rb1 Be6 13. Nd5 b5 14. axb5 axb5 15. b3
b4 16. Ra1 f5 17. Nxe7+ Nxe7 18. Ra2 Qd7 19. f3 Nc6 20. Qc2 Ra8 21. Rfa1 Rxa2
22. Qxa2 fxe4 23. dxe4 Qb7 24. Qa6 Rb8 25. Qxb7 Rxb7 26. Ra6 Bd7 27. Kf2 Ra7
28. Rxa7 Nxa7 29. Ke3 Kf7 30. Kd3 Nc6 31. Be3 Ke7 32. Bg5+ Kf7 33. Be3 Nd8 34.
Nc1 Be6 35. Kc2 Ke7 36. Bf1 Bf6 37. Kb2 Kd7 38. Kc2 Nc6 39. Ne2 g5 40. h3 Bd8
41. g4 Bf7 42. Bf2 Ke6 43. Kd3 Nd4 44. Nxd4+ exd4 45. Be1 Be8 46. Bd2 Kf6 47.
Ke2 Bg6 48. Kd1 h6 49. Bd3 Be8 50. Kc2 Bf7 0-1

[Event "Superettan(Rockaden,Umea-Schack 08)"]
[Site "?"]
[Date "2016.01.15"]
[Round "5"]
[White "Nygren, David"]
[Black "Andersson, Bo"]
[Result "1-0"]
[WhiteElo "2175"]
[BlackElo "1900"]
[PlyCount "63"]
[EventDate "2016.??.??"]
1. e4 d6 2. d4 Nf6 3. Nc3 g6 4. Bf4 Nbd7 5. Nf3 c5 6. dxc5 Nxc5 7. e5 Nh5 8.
Be3 Bd7 9. Bc4 Ne6 10. Qd2 Qa5 11. O-O dxe5 12. Rfd1 Rd8 13. Ng5 Bg7 14. b4
Qxb4 15. Bxe6 fxe6 16. Rab1 Qd6 17. Rxb7 Bc8 18. Qe2 Qc6 19. Rxd8+ Kxd8 20.
Qd3+ Ke8 21. Rb8 Nf4 22. Bxf4 exf4 23. Nb5 Qd7 24. Qe2 h6 25. Nxe6 Kf7 26. Nc5
Qc6 27. Qc4+ Be6 28. Qxf4+ Bf5 29. Qc4+ Kf6 30. Rxh8 Bxh8 31. g4 Bxg4 32. Ne4+
1-0

[Event "Superettan(Rockaden,Sthlm II-Malmo)"]
[Site "?"]
[Date "2015.11.08"]
[Round "3"]
[White "Schandorff, Lars"]
[Black "Nikolic, Vladan"]
[Result "1-0"]
[WhiteElo "2519"]
[BlackElo "2050"]
[PlyCount "75"]
[EventDate "2015.??.??"]
1. d4 Nf6 2. c4 g6 3. Nc3 Bg7 4. e4 d6 5. Be2 O-O 6. Bg5 c6 7. Qd2 e5 8. d5 c5
9. f3 Na6 10. Bd3 Nc7 11. Nge2 Qe8 12. g4 a6 13. Ng3 b5 14. b3 bxc4 15. bxc4
Rb8 16. h4 Nd7 17. h5 f6 18. Be3 Nb6 19. Qh2 Kf7 20. Rc1 Na4 21. Nd1 Bd7 22.
Qe2 Rb7 23. Kf1 Qa8 24. Kg1 Rfb8 25. g5 Ne8 26. Rh2 Rb6 27. Kh1 R8b7 28. f4 Nb2
29. hxg6+ hxg6 30. f5 Nxd1 31. fxg6+ Kf8 32. Rxd1 Rb2 33. Rd2 Rxd2 34. Bxd2 Rb2
35. Nh5 Qc8 36. gxf6 Bg4 37. fxg7+ Nxg7 38. Qf1+ 1-0

[Event "Superettan(Vaxjo-Vasteras II)"]
[Site "?"]
[Date "2015.11.08"]
[Round "3"]
[White "Janse, Love"]
[Black "Olofsson-Dolk, Mattis"]
[Result "1/2-1/2"]
[WhiteElo "2145"]
[BlackElo "2258"]
[PlyCount "161"]
[EventDate "2015.??.??"]
1. e4 c5 2. Nc3 a6 3. a4 Nc6 4. f4 e6 5. g3 d5 6. Bg2 dxe4 7. Nxe4 Be7 8. d3
Nf6 9. Nf3 Nxe4 10. dxe4 Qxd1+ 11. Kxd1 b6 12. Nd2 Bb7 13. c3 Na5 14. b3 Rd8
15. Kc2 O-O 16. Re1 Rd7 17. Bf1 Nc6 18. Nc4 Bd8 19. Be3 Ne7 20. Nd2 Bc7 21. a5
bxa5 22. Bxc5 Rfd8 23. Nc4 Nc8 24. Bg2 Bc6 25. Be3 Bb5 26. Nxa5 Bb6 27. Bd4
Bxd4 28. cxd4 Rc7+ 29. Kb2 Rxd4 30. Red1 Rcd7 31. Rxd4 Rxd4 32. Rc1 Ne7 33. Nc4
g6 34. Kc3 Rd8 35. Bf3 Bc6 36. Ra1 Bb7 37. Na5 Rc8+ 38. Kb4 Nc6+ 39. Nxc6 Rxc6
40. Be2 Rc2 41. Bxa6 Bxe4 42. Re1 Bd5 43. Re2 Rc1 44. Bc4 Bb7 45. Kc5 Kf8 46.
Kb6 Bf3 47. Rd2 Ke7 48. Be2 Rb1 49. Bc4 Bd1 50. Kc5 Bxb3 51. Bxb3 Rxb3 52. Kd4
h5 53. Ra2 Kf6 54. Ke4 h4 55. Rg2 hxg3 56. hxg3 g5 57. Rf2 g4 58. Rg2 Rb4+ 59.
Ke3 Kf5 60. Ra2 Rb3+ 61. Kf2 f6 62. Ra5+ e5 63. fxe5 fxe5 64. Ra8 Ke4 65. Ra4+
Kd3 66. Rxg4 e4 67. Rg8 e3+ 68. Kf3 Kd2 69. Re8 Rd3 70. g4 Rd7 71. g5 Rf7+ 72.
Kg4 e2 73. g6 Rf1 74. Kh5 e1=Q 75. Rxe1 Rxe1 76. g7 Rg1 77. Kh6 Ke3 78. Kh7
Rh1+ 79. Kg6 Rg1+ 80. Kf7 Rxg7+ 81. Kxg7 1/2-1/2

[Event "Superettan(Rockaden,Sthlm II-Malmo)"]
[Site "?"]
[Date "2015.11.08"]
[Round "3"]
[White "Bit-Narva, David"]
[Black "Malekian, Babak"]
[Result "0-1"]
[WhiteElo "2036"]
[BlackElo "2219"]
[PlyCount "108"]
[EventDate "2015.??.??"]
1. e4 g6 2. d4 Bg7 3. Nc3 c6 4. Be3 d5 5. Qd2 Nf6 6. e5 Ng4 7. Bf4 f6 8. exf6
Nxf6 9. Nf3 O-O 10. Bd3 Bg4 11. Ne5 Nbd7 12. h3 Be6 13. Nf3 Bf7 14. O-O-O c5
15. dxc5 Qa5 16. Kb1 d4 17. Nd5 Qxc5 18. Nxf6+ Bxf6 19. h4 e5 20. Bh6 Rfe8 21.
Ng5 Bxg5 22. Qxg5 Qd5 23. b3 Qd6 24. h5 e4 25. hxg6 Bxg6 26. Bc4+ Kh8 27. Qd2
Ne5 28. Bb5 d3 29. Bxe8 Rxe8 30. Bf4 Qf6 31. Bxe5 Rxe5 32. cxd3 exd3 33. Qb2
Kg8 34. Rhf1 Qe6 35. Rd2 Re2 36. Ka1 Re1+ 37. Rd1 Re2 38. Rd2 Re1+ 39. Rd1 Re2
40. Qd4 Qa6 41. a4 Re4 42. Qd5+ Kf8 43. Qd8+ Re8 44. Qd4 Re4 45. Qc5+ Kf7 46.
Qd5+ Kf8 47. Qc5+ Kf7 48. Rc1 Qf6+ 49. Ka2 Re2+ 50. Ka3 Qb2+ 51. Kb4 Re4+ 52.
Rc4 a5+ 53. Qxa5 Qd2+ 54. Kb5 Re5+ 0-1

[Event "Superettan(Vaxjo-Vasteras II)"]
[Site "?"]
[Date "2015.11.08"]
[Round "3"]
[White "Lindahl, Emil"]
[Black "Kimari, Patrick"]
[Result "1/2-1/2"]
[WhiteElo "2182"]
[BlackElo "2093"]
[PlyCount "78"]
[EventDate "2015.??.??"]
1. d4 Nf6 2. Bg5 Ne4 3. Bf4 d5 4. e3 Nd7 5. Bd3 Nd6 6. Nd2 e6 7. Ngf3 Be7 8.
O-O O-O 9. Qe2 c5 10. c3 f5 11. h3 Ne4 12. Bh2 Bd6 13. Bxd6 Nxd6 14. c4 b6 15.
Rac1 Bb7 16. Rfd1 Qf6 17. cxd5 exd5 18. b3 Rae8 19. Bb5 Nxb5 20. Qxb5 Bc6 21.
Qa6 g5 22. dxc5 Nxc5 23. Qxa7 Nd3 24. Rc2 Nb4 25. Rcc1 Nd3 26. Rc2 Ba8 27. Nf1
Nb4 28. Rc7 f4 29. exf4 gxf4 30. N1h2 d4 31. Ng4 Qg6 32. Nh4 Qg5 33. Rxh7 Nc6
34. Qc7 Rc8 35. Qd7 Rcd8 36. Qc7 Rc8 37. Qd7 Rcd8 38. Qc7 Rc8 39. Qd7 Rcd8
1/2-1/2

[Event "Superettan(Rockaden,Sthlm II-Malmo)"]
[Site "?"]
[Date "2015.11.08"]
[Round "3"]
[White "Gajic, Mladen"]
[Black "Hanoman, Tony"]
[Result "1-0"]
[WhiteElo "2253"]
[BlackElo "2004"]
[PlyCount "81"]
[EventDate "2015.??.??"]
1. e4 c5 2. c3 d5 3. exd5 Qxd5 4. d4 Nc6 5. Nf3 Nf6 6. dxc5 Qxc5 7. Na3 a6 8.
Be3 Qd5 9. Nc4 Qxd1+ 10. Rxd1 Bg4 11. Be2 e6 12. h3 Bh5 13. Nd4 Bxe2 14. Kxe2
Nxd4+ 15. Bxd4 Nd5 16. Nb6 Nxb6 17. Bxb6 Be7 18. Rd3 Bd8 19. Bc5 Be7 20. Bb6
Bd8 21. Bd4 f6 22. Rhd1 Bc7 23. Bc5 Rd8 24. Rxd8+ Bxd8 25. Rd6 e5 26. Kf3 Rg8
27. Ke4 Bc7 28. Re6+ Kd7 29. Kd5 Kc8 30. Re7 Bd8 31. Rf7 h5 32. Rf8 Rxf8 33.
Bxf8 Kd7 34. Bxg7 Be7 35. c4 Bd8 36. b4 Be7 37. c5 Bd8 38. a4 Be7 39. f3 Bd8
40. Bf8 Ke8 41. Bd6 1-0

[Event "Superettan(Rockaden,Sthlm II-Malmo)"]
[Site "?"]
[Date "2015.11.08"]
[Round "3"]
[White "Alarik, Martin"]
[Black "Berggren, Jonatan"]
[Result "1/2-1/2"]
[WhiteElo "2021"]
[BlackElo "2160"]
[PlyCount "83"]
[EventDate "2015.??.??"]
1. d4 Nf6 2. Nf3 c5 3. e3 d5 4. c4 cxd4 5. exd4 Nc6 6. cxd5 Nxd5 7. Nc3 e6 8.
Bd3 Be7 9. O-O O-O 10. Re1 Re8 11. Nxd5 exd5 12. Ne5 g6 13. Nxc6 bxc6 14. Qc2
Bd7 15. Be3 Qb6 16. Rec1 Rab8 17. Rab1 Rb7 18. b4 Reb8 19. a3 a5 20. Bf4 axb4
21. Bxb8 Rxb8 22. Qb2 Qa7 23. Rd1 Bd6 24. a4 b3 25. Ra1 Qa5 26. Rdc1 Rb4 27.
Rc3 Rxd4 28. Rxb3 Rxa4 29. Rb8+ Bxb8 30. Qxb8+ Kg7 31. Qe5+ Kg8 32. Qb8+ Kg7
33. Qe5+ Kh6 34. Qe3+ g5 35. Rf1 Ra1 36. Bb1 Qb4 37. Qe5 Rxb1 38. Qf6+ Kh5 39.
Qxf7+ Kh6 40. Qf6+ Kh5 41. Qf7+ Kh6 42. Qf6+ 1/2-1/2

[Event "Superettan(Vaxjo-Vasteras II)"]
[Site "?"]
[Date "2015.11.08"]
[Round "3"]
[White "Alle Wahlin, Ambjorn"]
[Black "Emmoth, Alfons"]
[Result "1/2-1/2"]
[WhiteElo "2227"]
[BlackElo "1832"]
[PlyCount "141"]
[EventDate "2015.??.??"]
1. Nf3 Nf6 2. c4 g6 3. Nc3 Bg7 4. e4 d6 5. d4 O-O 6. Be2 e5 7. d5 a5 8. O-O Na6
9. Be3 Ng4 10. Bg5 f6 11. Bd2 Nc5 12. Ne1 Nh6 13. Rb1 f5 14. f3 f4 15. b3 Nf7
16. a3 h5 17. b4 Nd7 18. Nd3 g5 19. c5 axb4 20. axb4 Nf6 21. Nf2 Nh6 22. h3 Rf7
23. cxd6 cxd6 24. Rc1 Bf8 25. Nb5 g4 26. fxg4 hxg4 27. hxg4 Rg7 28. Qc2 Ne8 29.
Qb3 Bxg4 30. Nxg4 Nxg4 31. Bxg4 Rxg4 32. Qh3 Rh4 33. Qe6+ Kh8 34. Be1 Rh6 35.
Qf7 Bg7 36. Nc7 Nxc7 37. Rxc7 Qg5 38. Qd7 Rf8 39. Rc8 Qh5 40. Rxf8+ Bxf8 41.
Rf3 Qh1+ 42. Kf2 Qh4+ 43. Kf1 Qh1+ 44. Kf2 Qh4+ 45. Kf1 Qg5 46. Rh3 Rxh3 47.
Qxh3+ Kg8 48. Ke2 b5 49. Kf3 Be7 50. Qg4 Kf7 51. Qxg5 Bxg5 52. Kg4 Bd8 53. Bf2
Bc7 54. Kf5 Bd8 55. Kg4 Ke8 56. Kf5 Kd7 57. Kg6 Ke8 58. Kg7 Be7 59. Kg6 Bd8 60.
Kg7 Bc7 61. Kg6 Kd7 62. Kf7 Bd8 63. Kg7 Be7 64. Kf7 Bg5 65. Kg6 Bd8 66. Kf7 Bc7
67. Kg7 Ke8 68. Kf6 Kd7 69. Kf7 Bd8 70. Kg7 Be7 71. Kf7 1/2-1/2

[Event "Superettan(Rockaden,Sthlm II-Malmo)"]
[Site "?"]
[Date "2015.11.08"]
[Round "3"]
[White "Nizov, Anton"]
[Black "Duenas, Alexis"]
[Result "1-0"]
[WhiteElo "2118"]
[BlackElo "1899"]
[PlyCount "95"]
[EventDate "2015.??.??"]
1. d4 f5 2. g3 Nf6 3. Bg2 e6 4. Nf3 Be7 5. O-O O-O 6. c4 d6 7. Nc3 Qe8 8. Qd3
Qh5 9. e4 fxe4 10. Nxe4 Nxe4 11. Qxe4 c6 12. Bf4 Na6 13. Rad1 d5 14. Qe5 Qxe5
15. Nxe5 Bf6 16. b3 Nb8 17. Rfe1 Bxe5 18. Rxe5 Bd7 19. Bh3 Re8 20. Rde1 Kf7 21.
Bf1 a5 22. Bd3 g6 23. h4 a4 24. b4 b5 25. c5 a3 26. Rb1 Na6 27. Bc1 Nc7 28. Rb3
Ra4 29. h5 Na6 30. hxg6+ hxg6 31. Bxa3 Nc7 32. Bb1 Rea8 33. Bc1 Be8 34. a3 Kg7
35. Rf3 Bf7 36. Rf4 Ne8 37. Re3 R4a7 38. Rh4 Nf6 39. Rf3 Ng8 40. g4 Ra6 41.
Rh7+ Kxh7 42. Rxf7+ Kh8 43. Bf4 Nh6 44. Bxh6 Rxa3 45. Bxg6 Rb3 46. Bg5 Rxb4 47.
Bf6+ Kg8 48. Rh7 1-0

[Event "Superettan(Vaxjo-Vasteras II)"]
[Site "?"]
[Date "2015.11.08"]
[Round "3"]
[White "Lundback, Anders"]
[Black "Gutzmann, Tobias"]
[Result "0-1"]
[WhiteElo "1971"]
[BlackElo "2121"]
[PlyCount "84"]
[EventDate "2015.??.??"]
1. d4 d5 2. c4 c6 3. Nc3 Nf6 4. Nf3 dxc4 5. a4 Bf5 6. Bg5 Nbd7 7. e3 Ne4 8.
Nxe4 Bxe4 9. a5 h6 10. Bh4 g5 11. Bg3 e6 12. Nd2 Bb4 13. Qa4 c5 14. f3 Bc6 15.
Qc2 cxd4 16. exd4 Bxa5 17. Bxc4 Bc7 18. Bxc7 Qxc7 19. O-O Bd5 20. Qa4 Bxc4 21.
Nxc4 O-O 22. Rac1 Nb6 23. Qa5 Qf4 24. Rfd1 Nxc4 25. Rxc4 Rfc8 26. Rc3 Rd8 27.
Qb4 b6 28. h3 Rd7 29. Kh1 Rad8 30. Qa4 Kg7 31. Rcd3 e5 32. Re1 Rxd4 33. Rxd4
exd4 34. Qxa7 Rd6 35. Re4 Qc1+ 36. Kh2 d3 37. Re7 Qf4+ 38. g3 Qxf3 39. Qa1 Qf2+
40. Kh1 d2 41. b4+ Qd4 42. Qd1 Rc6 0-1

[Event "Superettan(Rockaden,Sthlm II-Malmo)"]
[Site "?"]
[Date "2015.11.08"]
[Round "3"]
[White "Zhanybek, Dadabaev"]
[Black "Danielsson, Dominik"]
[Result "0-1"]
[WhiteElo "1943"]
[BlackElo "1940"]
[PlyCount "44"]
[EventDate "2015.??.??"]
1. e4 c6 2. d4 d5 3. exd5 cxd5 4. Bd3 Nc6 5. Ne2 Bg4 6. c3 e6 7. O-O Bd6 8. Be3
Qh4 9. g3 Qh5 10. Nd2 Bh3 11. Re1 g5 12. Qb3 Nge7 13. f4 h6 14. a3 O-O 15. Rac1
Bf5 16. Qc2 Qg6 17. Bxf5 Nxf5 18. Qd3 Kh8 19. fxg5 hxg5 20. Nf3 Nh4 21. Red1
Nxf3+ 22. Kg2 Ne1+ 0-1

[Event "Superettan(Vaxjo-Vasteras II)"]
[Site "?"]
[Date "2015.11.08"]
[Round "3"]
[White "Moren, Bjorn"]
[Black "Grueso Cordoba, Santiago"]
[Result "1-0"]
[WhiteElo "2096"]
[BlackElo "1772"]
[PlyCount "75"]
[EventDate "2015.??.??"]
1. e4 c5 2. Nc3 Nc6 3. g3 g6 4. Bg2 Bg7 5. d3 d6 6. f4 e6 7. Nf3 Nge7 8. O-O
O-O 9. Be3 Nd4 10. Qd2 Nec6 11. Nd1 b6 12. Nh4 Bf6 13. c3 Bxh4 14. gxh4 Nb5 15.
Qf2 d5 16. Qg3 d4 17. Bd2 dxc3 18. bxc3 Qd6 19. Nf2 f5 20. h5 Kg7 21. Kh1 Bb7
22. Rg1 Ne7 23. a4 Nc7 24. hxg6 hxg6 25. c4 Kf7 26. Bc3 Rg8 27. Qg5 Ne8 28.
exf5 Bxg2+ 29. Qxg2 Nc7 30. fxe6+ Nxe6 31. Be5 Qd7 32. Ng4 Nf5 33. Nf6 Qxd3 34.
Rad1 Qxc4 35. Qb7+ Ne7 36. Qxe7+ Kxe7 37. Rd7+ Kf8 38. Bd6# 1-0

[Event "Superettan(Solna-Rockaden,Umea)"]
[Site "?"]
[Date "2015.11.08"]
[Round "3"]
[White "Wickstrom, Lucas"]
[Black "Jonsson, Mikael"]
[Result "1/2-1/2"]
[WhiteElo "2361"]
[BlackElo "2290"]
[PlyCount "109"]
[EventDate "2015.??.??"]
1. d4 d5 2. c4 c6 3. cxd5 cxd5 4. Nc3 Nf6 5. Bf4 Nc6 6. e3 a6 7. Bd3 Bg4 8.
Nge2 e6 9. O-O Bd6 10. f3 Bh5 11. Rc1 O-O 12. Bxd6 Qxd6 13. Nf4 Rfc8 14. Qd2
Bg6 15. Bxg6 hxg6 16. Rfd1 b5 17. Nd3 Nd7 18. b3 Ne7 19. Rc2 Ra7 20. Rdc1 Rac7
21. a4 b4 22. Ne2 a5 23. Rxc7 Rxc7 24. Rxc7 Qxc7 25. Qc1 Qxc1+ 26. Nexc1 Nc6
27. Kf2 Kf8 28. Ne2 Ke7 29. e4 Kd6 30. e5+ Ke7 31. Ke3 g5 32. g3 Nf8 33. Nc5
Ng6 34. Nb7 Kd7 35. Nd6 f6 36. f4 gxf4+ 37. gxf4 f5 38. Nb5 Nf8 39. Kf3 Ke7 40.
Kg3 Kf7 41. Ng1 Ng6 42. Nf3 Ke7 43. Ne1 Nf8 44. Nd3 Nd7 45. Kh4 Nd8 46. Kh5 Kf7
47. Na7 Nf8 48. Nc5 Ng6 49. Kg5 Ne7 50. Nb5 Nec6 51. Kh5 Kg8 52. Nd7 Kh7 53.
Nf8+ Kg8 54. Nd7 Kh7 55. Nf8+ 1/2-1/2

[Event "Superettan(Orgryte-Upsala)"]
[Site "?"]
[Date "2015.11.08"]
[Round "3"]
[White "Thorgeirsson, Sverrir"]
[Black "Tukhaev, Adam"]
[Result "0-1"]
[WhiteElo "2255"]
[BlackElo "2569"]
[PlyCount "48"]
[EventDate "2015.??.??"]
1. d4 d5 2. c4 c6 3. cxd5 cxd5 4. Nf3 e6 5. Nc3 Bd7 6. e3 Bc6 7. Bd3 Nd7 8. O-O
Ngf6 9. Nd2 Be7 10. f4 O-O 11. Rf3 Rc8 12. Rh3 g6 13. g4 Ne8 14. b3 Qa5 15. Bb2
Nd6 16. a3 Qd8 17. Qf3 Nf6 18. Qg3 Nfe4 19. Ncxe4 dxe4 20. Bb1 Bd5 21. g5 Qa5
22. Qg2 Rc7 23. Nxe4 Qe1+ 24. Qf1 Qxf1+ 0-1

[Event "Superettan(Kamraterna-Schack 08)"]
[Site "?"]
[Date "2015.11.08"]
[Round "3"]
[White "Ingbrant, Johan"]
[Black "Aberg, Anton"]
[Result "1/2-1/2"]
[WhiteElo "2365"]
[BlackElo "2393"]
[PlyCount "96"]
[EventDate "2015.??.??"]
1. Nf3 d5 2. g3 Nf6 3. Bg2 c6 4. c4 g6 5. cxd5 cxd5 6. d4 Ne4 7. Ne5 Nd7 8. Nd2
Nxd2 9. Bxd2 Nxe5 10. dxe5 Bg7 11. Bc3 Be6 12. Qa4+ Qd7 13. Qxd7+ Kxd7 14.
O-O-O Kc6 15. Rd2 Rhd8 16. b3 Rd7 17. Kb2 Rad8 18. Rc1 b6 19. Bd4+ Kb7 20. Rdc2
Bf5 21. Rc3 g5 22. e3 e6 23. Bf1 Bf8 24. a3 g4 25. Bb5 Be7 26. Bc6+ Kb8 27.
Bxd7 Rxd7 28. Rc8+ Kb7 29. Rh8 Rd8 30. Rxd8 Bxd8 31. a4 a5 32. Ka2 Be7 33. Bb2
Bb4 34. Ba3 Be4 35. Rd1 Ka6 36. Kb2 h5 37. Bxb4 axb4 38. Kc1 Ka5 39. Kd2 Ka6
40. Rc1 Kb7 41. Ke2 Bf3+ 42. Kd3 Bg2 43. Kd4 Be4 44. Ra1 Ka6 45. Ra2 Bb1 46.
Rb2 Be4 47. a5 bxa5 48. Kc5 Bf5 1/2-1/2

[Event "Superettan(Solna-Rockaden,Umea)"]
[Site "?"]
[Date "2015.11.08"]
[Round "3"]
[White "Lindborg, Petter"]
[Black "Forsberg, Viktor"]
[Result "0-1"]
[WhiteElo "2227"]
[BlackElo "2361"]
[PlyCount "165"]
[EventDate "2015.??.??"]
1. d4 Nf6 2. c4 g6 3. Nc3 Bg7 4. e4 d6 5. h3 O-O 6. Be3 c5 7. d5 e6 8. Bd3 exd5
9. exd5 Re8 10. Nf3 Bh6 11. O-O Bxe3 12. fxe3 Nbd7 13. e4 Qe7 14. Qd2 Kg7 15.
Rf2 Rf8 16. Qg5 Ne5 17. Nxe5 Qxe5 18. Qxe5 dxe5 19. a3 Bd7 20. b4 Rac8 21. b5
Ne8 22. g4 f6 23. Nd1 Nd6 24. Ne3 Rh8 25. Raf1 Rcf8 26. Kg2 h5 27. Kg3 hxg4 28.
hxg4 Rh6 29. Rh2 Rxh2 30. Kxh2 Ra8 31. Rb1 a6 32. bxa6 Rxa6 33. Rb3 Kh6 34. Kg3
Kg5 35. Kf3 Kh6 36. Kg3 Kg7 37. Kf3 Kf7 38. Nf1 Ra8 39. Kg3 Ke7 40. Ne3 Kd8 41.
Kf3 Kc7 42. Kg3 g5 43. Kf3 Rh8 44. Bf1 Rh4 45. Rb2 b6 46. Rc2 Kb7 47. Rb2 Ka6
48. Bg2 Ka5 49. Bf1 Rh8 50. Rb3 Rh1 51. Kg2 Rh4 52. Kf3 Rh2 53. Bg2 Bc8 54. Kg3
Rh4 55. Kf3 Ba6 56. Rc3 Bc8 57. Kg3 Ka4 58. Bf3 Bd7 59. Bd1+ Ka5 60. Bf3 Rh8
61. Bg2 Rc8 62. Kf3 Ka4 63. Bf1 Ka5 64. Bd3 Rh8 65. Bf1 Rh1 66. Rb3 Nf7 67. Kg2
Rh4 68. Be2 Nd6 69. Bf3 b5 70. cxb5 Bxb5 71. Nf5 Nxf5 72. exf5 c4 73. Rc3 Kb6
74. Kf2 Kc5 75. Ke3 Rh2 76. Ke4 Ra2 77. Ke3 Rb2 78. Be4 Rb3 79. Kd2 Kd4 80.
Rxb3 cxb3 81. Bg2 e4 82. d6 e3+ 83. Kc1 0-1

[Event "Superettan(Orgryte-Upsala)"]
[Site "?"]
[Date "2015.11.08"]
[Round "3"]
[White "Ziegler, Ari"]
[Black "Johansson, Jan"]
[Result "1-0"]
[WhiteElo "2306"]
[BlackElo "2384"]
[PlyCount "147"]
[EventDate "2015.??.??"]
1. e4 d6 2. d4 Nf6 3. Nc3 e5 4. Nf3 Nbd7 5. Bc4 Be7 6. O-O O-O 7. a4 c6 8. Re1
b6 9. h3 a6 10. Bb3 Rb8 11. Bg5 b5 12. axb5 axb5 13. Qe2 Re8 14. Bxf6 Bxf6 15.
d5 Bb7 16. dxc6 Bxc6 17. Bd5 Qc8 18. Bxc6 Qxc6 19. Nd5 Rec8 20. c3 Ra8 21. Nh2
Bd8 22. Ng4 Nc5 23. Rxa8 Rxa8 24. Nge3 Qd7 25. b4 Ne6 26. h4 Kh8 27. g3 Ra6 28.
Rd1 Bb6 29. Nxb6 Rxb6 30. Ra1 Qb7 31. Qa2 g6 32. Nd5 Rc6 33. Qa7 Qxa7 34. Rxa7
Kg7 35. Rb7 g5 36. h5 g4 37. Rxb5 Ng5 38. Rb8 Nxe4 39. Ne7 Rxc3 40. Rg8+ Kh6
41. Rxg4 Nf6 42. Nf5+ Kxh5 43. Rh4+ Kg6 44. Nxd6 Rb3 45. Rc4 h5 46. b5 Ng4 47.
Rc6 Kf6 48. b6 Ke6 49. b7 Kd7 50. Ra6 Rb1+ 51. Kg2 Rb2 52. Ra8 Kxd6 53. b8=Q+
Rxb8 54. Rxb8 Ke6 55. Rh8 Nf6 56. f3 Kf5 57. Kh3 Kg5 58. Ra8 Kg6 59. Ra6 Kf5
60. Ra5 Nh7 61. f4 f6 62. Kh4 Ke4 63. fxe5 fxe5 64. Kxh5 Nf6+ 65. Kg5 Nd5 66.
g4 Ne3 67. Ra3 Nc4 68. Ra4 Kd5 69. Kf6 e4 70. g5 e3 71. g6 Nd6 72. Ra1 Ke4 73.
Ra7 Ne8+ 74. Kg5 1-0

[Event "Superettan(Kamraterna-Schack 08)"]
[Site "?"]
[Date "2015.11.08"]
[Round "3"]
[White "Andreasson, Ingvar"]
[Black "Laveryd, Peter"]
[Result "1/2-1/2"]
[WhiteElo "2353"]
[BlackElo "2391"]
[PlyCount "76"]
[EventDate "2015.??.??"]
1. Nf3 Nc6 2. g3 e5 3. d3 d5 4. Bg2 Nf6 5. Bg5 Be7 6. Nc3 Be6 7. O-O O-O 8. e4
dxe4 9. dxe4 h6 10. Bxf6 Bxf6 11. Nd5 Nd4 12. Ne3 Nxf3+ 13. Bxf3 Bg5 14. Ng4
Bxg4 15. Bxg4 Qxd1 16. Rfxd1 Rad8 17. h4 Be7 18. Kf1 Rxd1+ 19. Rxd1 Rd8 20.
Rxd8+ Bxd8 21. Ke2 Kf8 22. Bc8 b6 23. Bb7 Ke7 24. b4 Kd6 25. Bd5 f5 26. Kd3 c6
27. Bg8 f4 28. Bh7 fxg3 29. fxg3 a5 30. bxa5 bxa5 31. Kc4 Bb6 32. g4 Bf2 33. h5
Be3 34. Bg6 Kc7 35. Bh7 Kd6 36. Bg6 Kc7 37. Bh7 Kd6 38. Bg6 Kc7 1/2-1/2